LEADER 01144cam a2200289 i 4500 001 991000131569707536 005 20240418113529.0 008 220315s1992 gw 000 0dger c 020 $a3821811609 035 $ab14432821-39ule_inst 040 $aBibl. Dip.le Aggr. Scienze Giuridiche - Sez. Centro Studi sul Rischio 082 04$a943.0879092$220 100 1 $aWeizsäcker, Richard,$cFreiherr von,$d1920-$01734740 245 10$aRichard von Weizsäcker im Gespräch mit Gunter Hofmann und Werner A. Perger 260 $aFrankfurt am Main :$bEichborn,$cc1992 300 $a183 p. ;$c22 cm 600 10$aWeizsäcker, Richard,$cFreiherr von,$d1920-$vInterviews 650 0$aPresidents$zGermany$xInterviews 651 0$aGermany$xPolitics and government$y1990- 651 0$aGermany$xForeign relations$y1990- 700 1 $aHofmann, Gunter,$d1942- 700 1 $aPerger, Werner A.,$d1942- 907 $a.b14432821$b10-06-22$c15-03-22 912 $a991000131569707536 996 $aRichard von Weizsäcker im Gespräch mit Gunter Hofmann und Werner A. Perger$94152717 997 $aUNISALENTO 998 $ale028$b15-03-22$cm$da$en$fger$ggw$h0$i0 LEADER 01696oam 22004814a 450 001 9911066111303321 005 20260316050049.0 010 $a3-944773-49-7 035 $a(CKB)5710000000372139 035 $a(OCoLC)1574823470 035 $a(MdBmJHUP)musev2_143382 035 $a(EXLCZ)995710000000372139 100 $a20250411d2025 uy 0 101 0 $aeng 135 $aur|||||||nn|n 181 $ctxt$2rdacontent 182 $cc$2rdamedia 183 $acr$2rdacarrier 200 10$aLegal Transfer and Legal Geography in the British Empire / $fDonal K. Coffey, Stefan Vogenauer (eds.) 210 1$aFrankfurt am Main$cMax Planck Institute for Legal History and Legal Theory$d2025 210 4$d©2025 215 $a1 online resource (328 pages) 225 0 $aGlobal perspectives on legal history$vvolume 25 300 $a"This book [... is] based on papers given at the stream 'Legal transfer in the common law world' for the third Legal Histories of Empires Conference, held at the National University of Ireland, Maynooth, in 2022" (Umschlag) 311 08$a3-944773-48-9 606 $aRechtstransfer$2gnd 606 $aCommon law$2gnd 606 $aKolonie$2gnd 607 $aGrossbritannien$2gnd 608 $aKonferenzschrift$y2022$zMaynooth 608 $aElectronic books. 615 7$aRechtstransfer 615 7$aCommon law 615 7$aKolonie 676 $a340 702 $aVogenauer$b Stefan$f1968-$4edt 702 $aCoffey$b Donal K$f1982-$4edt 801 0$bMdBmJHUP 801 1$bMdBmJHUP 906 $aBOOK 912 $a9911066111303321 996 $aLegal Transfer and Legal Geography in the British Empire$94548249 997 $aUNINA